[Event "Oberliga Wuerttemberg 1314"]
[Site "Wuerttemberg"]
[Date "2013.11.10"]
[Round "2.5"]
[White "Wittmann, Ralf"]
[Black "Eisele, Steffen"]
[Result "0-1"]
[WhiteElo "2126"]
[BlackElo "2222"]
[PlyCount "80"]
[EventDate "2013.10.13"]
[EventType "team-tourn"]
[EventRounds "9"]
[EventCountry "GER"]
[SourceTitle "EXT 2019"]
[Source "ChessBase"]
[SourceDate "2018.10.10"]
[SourceVersion "1"]
[SourceVersionDate "2018.10.10"]
[SourceQuality "1"]
[WhiteTeam "Stuttgart SF II"]
[BlackTeam "Schmiden Cannstatt"]
[WhiteTeamCountry "GER"]
[BlackTeamCountry "GER"]

1. Nf3 g6 2. e4 Bg7 3. d4 c5 4. c3 cxd4 5. cxd4 Nf6 6. e5 Nd5 7. Nc3 Nxc3 8. bxc3 0-0 9. Be2 d6 10. Bf4 Nc6 11. exd6 exd6 12. 0-0 b6 13. Qa4 Bb7 14. d5 Ne5 15. Qb3 Nxf3+ 16. Bxf3 Rc8 17. Rac1 Re8 18. c4 Be5 19. Bxe5 Rxe5 20. Rfe1 Qe7 21. Rxe5 Qxe5 22. g3 Rc5 23. Qc3 Qxc3 24. Rxc3 Ra5 25. a3 Ba6 26. Be2 Rc5 27. a4 Kg7 28. Kg2 Ra5 29. Bd1 Bc8 30. Kf3 Bd7 31. Ra3 Kf6 32. Ke4 Bh3 33. Kd4 Bg2 34. g4 Bf1 35. f4 Rc5 36. Rf3 Rxc4+ 37. Ke3 Rc3+ 38. Kd4 Rc4+ 39. Ke3 Bg2 40. Rg3 Bxd5 0-1

[Event "Oberliga Wuerttemberg 1213"]
[Site "Wuerttemberg"]
[Date "2013.04.14"]
[Round "9.3"]
[White "Eisele, Steffen"]
[Black "Weiss, Oliver"]
[Result "1-0"]
[WhiteElo "2222"]
[BlackElo "2232"]
[PlyCount "57"]
[EventDate "2012.09.30"]
[EventType "team-tourn"]
[EventRounds "9"]
[EventCountry "GER"]
[SourceTitle "EXT 2019"]
[Source "ChessBase"]
[SourceDate "2018.10.10"]
[SourceVersion "1"]
[SourceVersionDate "2018.10.10"]
[SourceQuality "1"]
[WhiteTeam "Schmiden Cannstatt"]
[BlackTeam "Biberach"]
[WhiteTeamCountry "GER"]
[BlackTeamCountry "GER"]

1. e4 e6 2. d4 d5 3. Nc3 Bb4 4. e5 c5 5. a3 Bxc3+ 6. bxc3 Nc6 7. Nf3 Qa5 8. Bd2 Nge7 9. Bd3 Bd7 10. c4 Qc7 11. cxd5 Nxd5 12. c3 f6 13. exf6 gxf6 14. 0-0 0-0-0 15. Re1 Rdg8 16. Bf1 h5 17. Rb1 h4 18. c4 Nf4 19. Bxf4 Qxf4 20. dxc5 Ne5 21. Nxe5 fxe5 22. Rxb7 Bc6 23. Rb8+ Kxb8 24. Qd6+ Kc8 25. Qxc6+ Kd8 26. Qd6+ Ke8 27. Qxe6+ Kf8 28. Rxe5 Kg7 29. Rf5 1-0

[Event "Oberliga Wuerttemberg 1112"]
[Site "Wuerttemberg"]
[Date "2012.02.05"]
[Round "6.5"]
[White "Eisele, Steffen"]
[Black "Banaszek, Marcin"]
[Result "1-0"]
[WhiteElo "2257"]
[BlackElo "2196"]
[PlyCount "81"]
[EventDate "2011.10.09"]
[EventType "team-tourn"]
[EventRounds "9"]
[EventCountry "GER"]
[SourceTitle "EXT 2019"]
[Source "ChessBase"]
[SourceDate "2018.10.10"]
[SourceVersion "1"]
[SourceVersionDate "2018.10.10"]
[SourceQuality "1"]
[WhiteTeam "Schmiden Cannstatt"]
[BlackTeam "Pfullingen"]
[WhiteTeamCountry "GER"]
[BlackTeamCountry "GER"]

1. e4 c5 2. a3 Nc6 3. b4 cxb4 4. axb4 Nxb4 5. c3 Nc6 6. d4 d5 7. e5 g6 8. Bd3 Bg7 9. Na3 a6 10. h4 h5 11. Qe2 Be6 12. Nh3 Bxh3 13. Rxh3 e6 14. Bg5 Qa5 15. Qb2 Nxe5 16. dxe5 Bxe5 17. Qxb7 Qxc3+ 18. Ke2 Qc8 19. Rb1 Qxb7 20. Rxb7 Bd6 21. Bc2 Be7 22. Ba4+ Kf8 23. Rf3 f6 24. Bc2 Kf7 25. Bd2 e5 26. Bb3 Rd8 27. Ba5 Nh6 28. Bxd8 Rxd8 29. Rd3 Kf8 30. Nc2 d4 31. f4 Nf5 32. fxe5 fxe5 33. Be6 Nxh4 34. g3 Nf5 35. Bxf5 gxf5 36. Rf3 f4 37. Kd3 Bg5 38. Nb4 h4 39. gxf4 Bxf4 40. Nc6 Rc8 41. Nxe5 1-0

[Event "Oberliga Wuerttemberg 1112"]
[Site "Wuerttemberg"]
[Date "2012.01.15"]
[Round "5.7"]
[White "Eisele, Steffen"]
[Black "Merk, Tobias"]
[Result "1-0"]
[WhiteElo "2257"]
[BlackElo "2135"]
[PlyCount "65"]
[EventDate "2011.10.09"]
[EventType "team-tourn"]
[EventRounds "9"]
[EventCountry "GER"]
[SourceTitle "EXT 2019"]
[Source "ChessBase"]
[SourceDate "2018.10.10"]
[SourceVersion "1"]
[SourceVersionDate "2018.10.10"]
[SourceQuality "1"]
[WhiteTeam "Schmiden Cannstatt"]
[BlackTeam "Biberach"]
[WhiteTeamCountry "GER"]
[BlackTeamCountry "GER"]

1. e4 e6 2. d4 d5 3. Nc3 Bb4 4. e5 c5 5. a3 Bxc3+ 6. bxc3 Ne7 7. Nf3 Nbc6 8. h4 Bd7 9. h5 Qc7 10. Rb1 0-0-0 11. Rh4 Nf5 12. Rg4 h6 13. dxc5 Nxe5 14. Rgb4 Nxf3+ 15. Qxf3 Qe5+ 16. Be2 Bc6 17. g4 d4 18. Qf4 Qxf4 19. Bxf4 Nh4 20. Bg3 Nf3+ 21. Bxf3 Bxf3 22. cxd4 f6 23. Bd6 e5 24. R1b3 Bc6 25. dxe5 fxe5 26. Bxe5 Rhe8 27. Re3 Rd7 28. Ke2 a5 29. Rf4 Bb5+ 30. c4 Ba4 31. Bd6 Rxe3+ 32. Kxe3 Bc6 33. Rf8+ 1-0

[Event "Oberliga Wuerttemberg 1112"]
[Site "Wuerttemberg"]
[Date "2011.11.13"]
[Round "3.7"]
[White "Eisele, Steffen"]
[Black "Lorscheid, Gerhard"]
[Result "1/2-1/2"]
[WhiteElo "2257"]
[BlackElo "2277"]
[PlyCount "67"]
[EventDate "2011.10.09"]
[EventType "team-tourn"]
[EventRounds "9"]
[EventCountry "GER"]
[SourceTitle "EXT 2019"]
[Source "ChessBase"]
[SourceDate "2018.10.10"]
[SourceVersion "1"]
[SourceVersionDate "2018.10.10"]
[SourceQuality "1"]
[WhiteTeam "Schmiden Cannstatt"]
[BlackTeam "Stuttgart SF"]
[WhiteTeamCountry "GER"]
[BlackTeamCountry "GER"]

1. e4 d6 2. d4 Nf6 3. Nc3 e5 4. Nf3 Nbd7 5. Bc4 Be7 6. 0-0 0-0 7. Re1 a6 8. h3 b5 9. Bd5 Nxd5 10. Nxd5 Bb7 11. a4 Re8 12. Nxe7+ Qxe7 13. axb5 axb5 14. Rxa8 Rxa8 15. Qd3 Rb8 16. Bg5 Qe8 17. Nh4 exd4 18. Qxd4 Qe5 19. Nf5 Qxd4 20. Nxd4 Ne5 21. f3 Nc6 22. Nxc6 Bxc6 23. Ra1 f6 24. Bd2 Ra8 25. Ra5 Kf7 26. Kf2 Ke6 27. Ke3 Rxa5 28. Bxa5 Kd7 29. g4 d5 30. exd5 Bxd5 31. f4 g6 32. Kd4 Bg2 33. h4 c6 34. Bc3 1/2-1/2

[Event "BL2-Sued 1011"]
[Site "Germany"]
[Date "2011.04.11"]
[Round "9.7"]
[White "Eisele, Steffen"]
[Black "Vatter, Hans Joachim"]
[Result "0-1"]
[WhiteElo "2249"]
[BlackElo "2330"]
[PlyCount "108"]
[EventDate "2010.10.10"]
[EventType "team-tourn"]
[EventRounds "9"]
[EventCountry "GER"]
[SourceTitle "EXT 2012"]
[Source "ChessBase"]
[SourceDate "2011.11.24"]
[SourceVersion "1"]
[SourceVersionDate "2011.11.24"]
[SourceQuality "1"]
[WhiteTeam "Schmiden Cannstatt"]
[BlackTeam "Heidelberg Handschuhsheim"]
[WhiteTeamCountry "GER"]
[BlackTeamCountry "GER"]

1. e4 d5 2. exd5 Qxd5 3. Nc3 Qd6 4. Bc4 Nf6 5. d4 c6 6. Nge2 Bf5 7. Bf4 Qb4 8. Bb3 e6 9. Ng3 Bg6 10. a3 Qa5 11. Qe2 Nbd7 12. h4 h6 13. h5 Bh7 14. Bd2 Qc7 15. 0-0-0 0-0-0 16. Nge4 Nxe4 17. Nxe4 Bxe4 18. Qxe4 Nf6 19. Qh4 Be7 20. Bf4 Bd6 21. Bd2 Be7 22. Qf4 Qxf4 23. Bxf4 Nd5 24. Be5 Bf6 25. Rd3 Rd7 26. Rg3 Ne7 27. Bxf6 gxf6 28. c3 f5 29. Rg7 Ng8 30. Re1 Nf6 31. Bd1 Kd8 32. Kc2 Ke7 33. Rg3 Ne4 34. Rf3 Rg8 35. g3 Rgd8 36. Rf4 c5 37. Bf3 Nxf2 38. Rxf5 cxd4 39. cxd4 Rxd4 40. Bxb7 Rd2+ 41. Kc3 R8d3+ 42. Kc4 Rc2+ 43. Kb4 Rxb2+ 44. Kc4 Rxa3 45. Rf3 Raa2 46. Rb3 Nd3 47. Rb1 Rxb1 48. Rxb1 Rb2 49. Rxb2 Nxb2+ 50. Kb5 Nd1 51. Ka6 Kf6 52. Kxa7 Kg5 53. Bf3 Ne3 54. Kb6 Nf1 0-1

[Event "BL2-Sued 1011"]
[Site "Germany"]
[Date "2011.03.20"]
[Round "8.7"]
[White "Sirch, Franz"]
[Black "Eisele, Steffen"]
[Result "0-1"]
[WhiteElo "2185"]
[BlackElo "2249"]
[PlyCount "66"]
[EventDate "2010.10.10"]
[EventType "team-tourn"]
[EventRounds "9"]
[EventCountry "GER"]
[SourceTitle "EXT 2012"]
[Source "ChessBase"]
[SourceDate "2011.11.24"]
[SourceVersion "1"]
[SourceVersionDate "2011.11.24"]
[SourceQuality "1"]
[WhiteTeam "Krumbach"]
[BlackTeam "Schmiden Cannstatt"]
[WhiteTeamCountry "GER"]
[BlackTeamCountry "GER"]

1. e4 e6 2. d4 d5 3. Nc3 Bb4 4. Nge2 Nf6 5. Bg5 dxe4 6. a3 Be7 7. Bxf6 gxf6 8. Nxe4 b6 9. Qd2 Bb7 10. N2c3 Rg8 11. 0-0-0 f5 12. Ng3 f4 13. Nh5 f3 14. g3 Bg5 15. Nf4 Nd7 16. h4 Bh6 17. Bc4 Qf6 18. Rhe1 0-0-0 19. Qe3 Rg4 20. Ne4 Bxf4 21. gxf4 Qxf4 22. Qxf4 Rxf4 23. Bd3 Rg8 24. Ng3 Rxh4 25. Rh1 Rxd4 26. Rxh7 Ne5 27. Rh5 Ng4 28. c3 Nxf2 29. cxd4 Nxd1 30. Nf1 Nf2 31. Bb5 a6 32. Ba4 b5 33. Bd1 Rg1 0-1

[Event "BL2-Sued 1011"]
[Site "Germany"]
[Date "2011.01.16"]
[Round "5.7"]
[White "Eisele, Steffen"]
[Black "Kachiani Gersinska, Ketino"]
[Result "1/2-1/2"]
[WhiteElo "2249"]
[BlackElo "2314"]
[PlyCount "88"]
[EventDate "2010.10.10"]
[EventType "team-tourn"]
[EventRounds "9"]
[EventCountry "GER"]
[SourceTitle "EXT 2012"]
[Source "ChessBase"]
[SourceDate "2011.11.24"]
[SourceVersion "1"]
[SourceVersionDate "2011.11.24"]
[SourceQuality "1"]
[WhiteTeam "Schmiden Cannstatt"]
[BlackTeam "Baden-Baden 1922 II"]
[WhiteTeamCountry "GER"]
[BlackTeamCountry "GER"]

1. e4 e5 2. f4 exf4 3. Bc4 Ne7 4. Nc3 c6 5. d4 d5 6. exd5 cxd5 7. Bb3 Nbc6 8. Bxf4 Ng6 9. Be3 Bb4 10. Qf3 Bxc3+ 11. bxc3 Be6 12. Ne2 0-0 13. h4 Re8 14. 0-0-0 Na5 15. h5 Nh4 16. Qf2 Nf5 17. Bf4 h6 18. Kb1 Nd6 19. Bxd6 Qxd6 20. Nf4 b5 21. Rde1 Nc4 22. Nxe6 Rxe6 23. Rxe6 Qxe6 24. Rf1 Rf8 25. Bxc4 bxc4 26. Kc1 Qe7 27. Qf3 Rb8 28. Kd2 Re8 29. g4 Qe6 30. Kc1 f6 31. Kd2 a6 32. Kc1 Kf7 33. Kd2 Re7 34. Qf5 Qe2+ 35. Kc1 Qe4 36. Qc8 Qe6 37. Qa8 Re8 38. Qb7+ Re7 39. Qa8 Re8 40. Qb7+ Kg8 41. Rf5 Rd8 42. Qc7 Rd7 43. Qc8+ Kf7 44. Qa8 Qd6 1/2-1/2

[Event "BL2-Sued 1011"]
[Site "Germany"]
[Date "2010.10.10"]
[Round "1.7"]
[White "Wornath, Kai Rudolf"]
[Black "Eisele, Steffen"]
[Result "1-0"]
[WhiteElo "2408"]
[BlackElo "2249"]
[PlyCount "79"]
[EventDate "2010.10.10"]
[EventType "team-tourn"]
[EventRounds "9"]
[EventCountry "GER"]
[SourceTitle "EXT 2012"]
[Source "ChessBase"]
[SourceDate "2011.11.24"]
[SourceVersion "1"]
[SourceVersionDate "2011.11.24"]
[SourceQuality "1"]
[WhiteTeam "Schott Mainz"]
[BlackTeam "Schmiden Cannstatt"]
[WhiteTeamCountry "GER"]
[BlackTeamCountry "GER"]

1. d4 g6 2. c4 Bg7 3. Nc3 c5 4. d5 Bxc3+ 5. bxc3 f5 6. e4 fxe4 7. f3 e5 8. Qc2 d6 9. fxe4 Qa5 10. Rb1 Nd7 11. Nf3 Nb6 12. Be2 Bd7 13. 0-0 h6 14. Nh4 Ne7 15. Rf6 g5 16. Rxd6 gxh4 17. Bh5+ Kd8 18. Rb5 Qa6 19. Bg4 Nec8 20. Rbxb6 Nxb6 21. Bxd7 Kc7 22. Bb5 Qa5 23. Qf2 Raf8 24. Qxc5+ Kb8 25. Qa3 Qxa3 26. Bxa3 Rf4 27. c5 Nc8 28. Rd7 a6 29. Bd3 h3 30. Bc1 Rg4 31. g3 h5 32. Be3 h4 33. Bf2 Rf8 34. Rh7 Na7 35. Rxh4 Rxh4 36. gxh4 Rf3 37. Be2 Rxc3 38. h5 Rc1+ 39. Bf1 Nb5 40. Bg3 1-0

[Event "Oberliga Wuerttemberg 0910"]
[Site "Wuerttemberg"]
[Date "2010.03.07"]
[Round "7.7"]
[White "Doerflinger, Josef"]
[Black "Eisele, Steffen"]
[Result "0-1"]
[WhiteElo "2147"]
[BlackElo "2180"]
[PlyCount "118"]
[EventDate "2009.10.11"]
[EventType "team-tourn"]
[EventRounds "9"]
[EventCountry "GER"]
[SourceTitle "EXT 2019"]
[Source "ChessBase"]
[SourceDate "2018.10.10"]
[SourceVersion "1"]
[SourceVersionDate "2018.10.10"]
[SourceQuality "1"]
[WhiteTeam "Ulm Post"]
[BlackTeam "Schmiden/Cannstatt"]
[WhiteTeamCountry "GER"]
[BlackTeamCountry "GER"]

1. e4 e6 2. d3 d5 3. Nd2 g6 4. g3 Bg7 5. Bg2 Ne7 6. Ngf3 0-0 7. 0-0 c5 8. Re1 Nbc6 9. c3 b5 10. exd5 exd5 11. Nb3 c4 12. dxc4 bxc4 13. Nbd4 h6 14. Bf4 g5 15. Be3 Be6 16. Nxe6 fxe6 17. Bc5 Rf6 18. Nd4 Nxd4 19. Bxd4 Rg6 20. Bh3 Bxd4 21. Qxd4 Nc6 22. Qc5 Qd7 23. Rad1 Rd8 24. Bg4 Qd6 25. Qe3 Kg7 26. Rd2 Rf6 27. Qe2 Qc5 28. Bh3 Rdf8 29. Qe3 Qxe3 30. Rxe3 Nd8 31. Bg4 R8f7 32. Re5 Rb7 33. Kg2 Rb6 34. Re3 Kf7 35. Be2 Nb7 36. Bh5+ Kg7 37. h4 Nc5 38. hxg5 hxg5 39. Bf3 Na4 40. Ree2 Kf7 41. Bh5+ Kg7 42. Bg4 Nc5 43. Rd4 Nd3 44. b4 Rd6 45. Rxd3 cxd3 46. Rd2 Ra6 47. Bd1 Rf7 48. Bb3 Rc6 49. Rxd3 Rfc7 50. Re3 Kf6 51. f4 gxf4 52. Rf3 Rxc3 53. Rxf4+ Ke5 54. Rg4 Re3 55. Kf2 Re4 56. Rg5+ Kf6 57. Rg8 Rxb4 58. Ke3 Rg7 59. Rf8+ Ke5 0-1

[Event "Oberliga Wuerttemberg 0910"]
[Site "Wuerttemberg"]
[Date "2010.01.10"]
[Round "5.7"]
[White "Klotz, Sonja"]
[Black "Eisele, Steffen"]
[Result "0-1"]
[WhiteElo "1975"]
[BlackElo "2180"]
[PlyCount "88"]
[EventDate "2009.10.11"]
[EventType "team-tourn"]
[EventRounds "9"]
[EventCountry "GER"]
[SourceTitle "EXT 2019"]
[Source "ChessBase"]
[SourceDate "2018.10.10"]
[SourceVersion "1"]
[SourceVersionDate "2018.10.10"]
[SourceQuality "1"]
[WhiteTeam "Stuttgart Wolfbusch"]
[BlackTeam "Schmiden/Cannstatt"]
[WhiteTeamCountry "GER"]
[BlackTeamCountry "GER"]

1. e4 e6 2. d4 d5 3. Nd2 Nf6 4. e5 Nfd7 5. f4 c5 6. c3 Nc6 7. Ndf3 Qb6 8. Ne2 f6 9. exf6 Nxf6 10. g3 Ne4 11. Bh3 cxd4 12. cxd4 Bb4+ 13. Kf1 e5 14. Bxc8 Rxc8 15. Be3 0-0 16. Kg2 exf4 17. Nxf4 Bd6 18. Qb3 Qxb3 19. axb3 Nb4 20. Rac1 Nc2 21. Bd2 Nxd2 22. Nxd2 Bxf4 23. gxf4 Nxd4 24. Rhf1 Rxc1 25. Rxc1 Re8 26. Rf1 Kf7 27. Rf2 Kf6 28. b4 Re2 29. Rxe2 Nxe2 30. Kf3 Nd4+ 31. Ke3 Nc2+ 32. Kd3 Nxb4+ 33. Kd4 Ke6 34. Nf3 Kd6 35. Ng5 Nc6+ 36. Kd3 h6 37. Nf3 Ke6 38. Nh4 Ne7 39. Ng2 Nf5 40. Kc3 Ne7 41. Kd4 Kf5 42. h3 Ng6 43. Ke3 b6 44. Kf3 d4 0-1